| 000 | 01145nam a2200337Ia 4500 | ||
|---|---|---|---|
| 003 | OSt | ||
| 005 | 20220912144448.0 | ||
| 006 | a|||||r|||| 00| 0 | ||
| 007 | ta | ||
| 008 | 220909b |||||||| |||| 00| 0 eng d | ||
| 020 | _a9780857292032 (hbk) | ||
| 020 | _aSL01537925 | ||
| 024 | _a178684 | ||
| 037 | _b725, 28/03/2012, Aviva Books Company | ||
| 037 | _cTextual | ||
| 040 |
_aCSL _beng _cCSL |
||
| 041 | _aeng | ||
| 082 | _aD65,8(B)92:81, Q1 TOR | ||
| 100 | _aKapur P K; Pham H; Gupta A; Jha P C | ||
| 245 | 0 | _aSoftware reliability assessment with OR applications | |
| 260 |
_aLondon _bSpringer-Verlag _c2011 |
||
| 300 | _axxiii; 548p. | ||
| 490 | _aSpringer series in reliability engineering | ||
| 500 | _aInclude bibliographical references; Index 543-548p. | ||
| 650 | _a Computer Science | ||
| 650 | _a Software relibility assessment with OR application | ||
| 650 | _aOperational Research | ||
| 700 | _aKapur P K; Pham H; Gupta A; Jha P C | ||
| 942 |
_hD65,8(B)92:81, Q1 TOR _cTEXL _2CC |
||
| 999 |
_c9097 _d9097 |
||